Political thought / (Record no. 24196)
[ view plain ]
| 000 -LEADER | |
|---|---|
| fixed length control field | 00913nam a22002775a 4500 |
| 005 - DATE AND TIME OF LATEST TRANSACTION | |
| control field | 20170219153259.0 |
| 008 - FIXED-LENGTH DATA ELEMENTS--GENERAL INFORMATION | |
| fixed length control field | 160203s1999 enk frb f001 0 eng d |
| 020 ## - INTERNATIONAL STANDARD BOOK NUMBER | |
| International Standard Book Number | 0192892789 |
| 020 ## - INTERNATIONAL STANDARD BOOK NUMBER | |
| International Standard Book Number | 9780192892892782 |
| 040 ## - CATALOGING SOURCE | |
| Original cataloging agency | EG-ScBUE |
| Language of cataloging | eng |
| Transcribing agency | EG-ScBUE |
| Modifying agency | EG-ScBUE |
| 082 04 - DEWEY DECIMAL CLASSIFICATION NUMBER | |
| Classification number | 320.01 |
| Item number | POL |
| Edition number | 22 |
| 245 00 - TITLE STATEMENT | |
| Title | Political thought / |
| Statement of responsibility, etc | edited by Michael Rosen, Jonathan Wolff ; with the assistance of Catriona McKinnon. |
| 260 ## - PUBLICATION, DISTRIBUTION, ETC. (IMPRINT) | |
| Place of publication, distribution, etc | Oxford ; |
| -- | New York : |
| Name of publisher, distributor, etc | Oxford University Press, |
| Date of publication, distribution, etc | 1999. |
| 300 ## - PHYSICAL DESCRIPTION | |
| Extent | xv, 442 p. ; |
| Dimensions | 24 cm. |
| 490 0# - Series Statement | |
| Series statement | Oxford readers |
| 500 ## - GENERAL NOTE | |
| General note | Index : p. 425-442. |
| 500 ## - GENERAL NOTE | |
| General note | Includes appendix. |
| 504 ## - BIBLIOGRAPHY, ETC. NOTE | |
| Bibliography, etc | Bibliography : p. 403-423. |
| 650 #7 - SUBJECT ADDED ENTRY--TOPICAL TERM | |
| Topical term or geographic name as entry element | Political science |
| General subdivision | Philosophy. |
| Source of heading or term | BUEsh |
| 651 ## - SUBJECT ADDED ENTRY--GEOGRAPHIC NAME | |
| Source of heading or term | BUEsh |
| 653 ## - INDEX TERM--UNCONTROLLED | |
| Resource For college | BAEPS, Political Science |
| 700 1# - ADDED ENTRY--PERSONAL NAME | |
| Personal name | Rosen, Michael, |
| Relator term | editor. |
| 700 1# - ADDED ENTRY--PERSONAL NAME | |
| Personal name | Wolff, Jonathan, |
| Relator term | editor. |
| 9 (RLIN) | 38516 |
| 700 1# - ADDED ENTRY--PERSONAL NAME | |
| Personal name | McKinnon, Catriona, |
| Relator term | editor. |
| 9 (RLIN) | 28796 |
| 942 ## - ADDED ENTRY ELEMENTS (KOHA) | |
| Source of classification or shelving scheme | Dewey Decimal Classification |
| Withdrawn status | Item status | Source of classification or shelving scheme | Damaged status | Not for loan | Home library | Current library | Shelving location | Date acquired | Source of acquisition | Total Checkouts | Full call number | Barcode | Date last seen | Date last borrowed | Koha item type | Total Renewals | Checked out |
|---|---|---|---|---|---|---|---|---|---|---|---|---|---|---|---|---|---|
| Dewey Decimal Classification | Central Library | Central Library | First floor | 19/02/2017 | Purchase | 3 | 320.01 POL | 000010496 | 15/07/2025 | 02/03/2014 | NB - Book (Non borrowing) | ||||||
| Dewey Decimal Classification | Central Library | Central Library | First floor | 19/02/2017 | Purchase | 25 | 320.01 POL | 000048737 | 15/07/2025 | 22/03/2020 | Book - Borrowing | 93 | |||||
| Dewey Decimal Classification | Central Library | Central Library | First floor | 19/02/2017 | Purchase | 7 | 320.01 POL | 000010497 | 10/03/2014 | 10/03/2014 | Book - Borrowing | 18 | 23/01/2020 |